| 000 | 00783nam a22002177a 4500 | ||
|---|---|---|---|
| 999 |
_c9303 _d9303 |
||
| 003 | AR-CdUCM | ||
| 008 | 190327b ||||| |||| 00| 0 spa d | ||
| 040 |
_aMUNICIPALIDAD PROVINCIAL DEL CUSCO _cBIBLIOTECA MUNICIPAL DEL CUSCO |
||
| 082 |
_a869.56 / _bH48 |
||
| 100 |
_aHidalgo, Alberto _95809 |
||
| 245 |
_aAquí está el anticristo : _bNovela / |
||
| 260 |
_aBuenos Aires : _bEdit. Máfaga, _c1957. |
||
| 300 |
_a190 páginas ; _c20 cm. |
||
| 500 | _aDonación familia Nieto | ||
| 505 | _aContenido: Recursos de amparo para la tarjeta -- El incendio de París -- Terremoto en Cuzco -- Signos del advenimiento -- Defunción de la literatura... | ||
| 650 |
_aNovelas peruanas _9545 |
||
| 650 |
_aSiglo XX _98 |
||
| 650 |
_aLiteratura _983 |
||
| 942 |
_2ddc _cLIBROS |
||
| 945 | _adavv | ||